[Event "Bad Woerishofen Seniors op 18th"]
[Site "Bad Woerishofen"]
[Date "2002.03.11"]
[Round "5"]
[White "Hennig, Manfred"]
[Black "Erler, Klaus Juergen"]
[Result "0-1"]
[WhiteElo "1480"]
[BlackElo "1677"]
[PlyCount "94"]
[EventDate "2002.03.??"]
[EventType "swiss"]
[EventRounds "9"]
[EventCountry "GER"]
[SourceTitle "EXT 2006"]
[Source "ChessBase"]
[SourceDate "2005.11.24"]
[SourceVersion "1"]
[SourceVersionDate "2005.11.24"]
[SourceQuality "1"]

1. c4 e6 2. Nc3 d5 3. cxd5 exd5 4. d4 Nf6 5. e3 c6 6. Nf3 Be7 7. a3 0-0 8. h3 Re8 9. Be2 Kh8 10. 0-0 Ne4 11. Ne5 Nd6 12. f4 f6 13. Nf3 Be6 14. Bd3 Bg8 15. f5 Bf8 16. b3 Ne4 17. Bxe4 dxe4 18. Nd2 Bd5 19. Qc2 Bd6 20. Ndxe4 Bc7 21. b4 Na6 22. Bd2 Qe7 23. Nf2 Bc4 24. Nfe4 Bxf1 25. Rxf1 Rad8 26. g4 Bb8 27. Rf2 Nc7 28. Rg2 Nd5 29. Nxd5 Qxe4 30. Qxe4 Rxe4 31. Nc3 Ree8 32. Kf2 b6 33. Kf3 Kg8 34. Bc1 Kf7 35. Bb2 Bd6 36. Rd2 a6 37. Na4 Rb8 38. e4 a5 39. Bc3 axb4 40. axb4 Ra8 41. Nxb6 Ra3 42. Rd3 Bxb4 43. Ke3 Rxc3 44. Rxc3 Bxc3 45. Kd3 Ba5 46. Nc4 Bc7 47. Ne3 Ra8 0-1

[Event "Bad Woerishofen Seniors op 18th"]
[Site "Bad Woerishofen"]
[Date "2002.03.07"]
[Round "1"]
[White "Hennig, Manfred"]
[Black "Scheerer, Helmut"]
[Result "0-1"]
[WhiteElo "1480"]
[BlackElo "1850"]
[PlyCount "68"]
[EventDate "2002.03.??"]
[EventType "swiss"]
[EventRounds "9"]
[EventCountry "GER"]
[SourceTitle "EXT 2006"]
[Source "ChessBase"]
[SourceDate "2005.11.24"]
[SourceVersion "1"]
[SourceVersionDate "2005.11.24"]
[SourceQuality "1"]

1. c4 e5 2. e4 Nf6 3. Nc3 Bc5 4. d3 d6 5. h3 Nc6 6. Bd2 0-0 7. a3 Be6 8. Na4 Nd7 9. g4 Nd4 10. Bg2 a6 11. Nxc5 Nxc5 12. Be3 Ncb3 13. Rb1 b5 14. Bxd4 Nxd4 15. b3 c5 16. Ne2 Qa5+ 17. b4 Qxa3 18. Nxd4 Qc3+ 19. Qd2 Qxd4 20. cxb5 axb5 21. 0-0 c4 22. Rfc1 cxd3 23. Rc3 Bc4 24. Kh2 Ra2 25. Rb2 Rxb2 26. Qxb2 d2 27. Bf3 Qxf2+ 28. Kh1 Qxf3+ 29. Rxf3 d1Q+ 30. Kg2 Ra8 31. Qc3 Qe2+ 32. Kg3 Qxe4 33. Qd2 h6 34. Qxd6 Qe1+ 0-1

[Event "Bad Woerishofen Seniors op 17th"]
[Site "Bad Woerishofen"]
[Date "2001.03.17"]
[Round "3"]
[White "Malik, Heinz"]
[Black "Hennig, Manfred"]
[Result "1/2-1/2"]
[WhiteElo "1700"]
[BlackElo "1454"]
[PlyCount "62"]
[EventDate "2001.03.??"]
[EventType "swiss"]
[EventRounds "9"]
[EventCountry "GER"]
[SourceTitle "EXT 2002"]
[Source "ChessBase"]
[SourceDate "2001.11.25"]
[SourceVersion "1"]
[SourceVersionDate "2001.11.25"]
[SourceQuality "1"]

1. d4 d5 2. c4 c6 3. Nc3 e6 4. Nf3 Nf6 5. Bg5 Be7 6. e3 Nbd7 7. Rc1 Nb6 8. b3 Bb4 9. c5 Nbd7 10. Bd3 h6 11. Bh4 g5 12. Bg3 Ne4 13. Bxe4 dxe4 14. Nd2 f5 15. Qh5+ Kf8 16. Bd6+ Kg7 17. Nc4 Qe8 18. Qd1 Rh7 19. a3 Bxc3+ 20. Rxc3 Kg8 21. b4 Nf6 22. Ne5 Nd7 23. f3 Nxe5 24. Bxe5 exf3 25. Qxf3 Qf7 26. 0-0 Qg6 27. Qe2 Rf7 28. Rf2 Bd7 29. Rc1 Re8 30. Rcf1 a6 31. g3 g4 1/2-1/2